LEADER 00924nam0-22002531i-450- 001 990003515940403321 005 20070227102802.0 035 $a000351594 035 $aFED01000351594 035 $a(Aleph)000351594FED01 035 $a000351594 100 $a20030910d1978----km-y0itay50------ba 101 0 $aita 105 $ay-------001yy 200 1 $aRuoli di anzianitą del personale delle Universitą e degli Istituti superiori d'istruzione al 1. gennaio 1978$fMinistero della Pubblica Istruzione 210 $aRoma$cMinistero della Pubblica Istruzione$d1978 710 01$aItalia.$bMinistero della pubblica istruzione$0354240 801 0$aIT$bUNINA$gRICA$2UNIMARC 901 $aBK 912 $a990003515940403321 952 $aSE 088.05.03-$b4191$fDECSE 959 $aDECSE 996 $aRuoli di anzianitą del personale delle Universitą e degli Istituti superiori d'istruzione al 1. gennaio 1978$9497978 997 $aUNINA LEADER 01530nam 2200373 450 001 9910794714103321 005 20230803211552.0 010 $a3-7369-4765-8 035 $a(CKB)4340000000197246 035 $a(MiAaPQ)EBC5019270 035 $a(EXLCZ)994340000000197246 100 $a20170912d2014 uy| 0 101 0 $ager 135 $aurcnu|||||||| 181 $2rdacontent 182 $2rdamedia 183 $2rdacarrier 200 10$aEffect of mineral N fertilizers - N form, amount and way of application - on nitrous oxide emissions from croplands $eVon der Naturwissenschaftlichen Fakulta?t der Gottfried Wilhelm Leibniz Universita?t Hannover zur Erlangung des Grades : Doktor der Gartenbauwissenschaften (Dr. rer. hort.) : genehmigte Dissertation von Dipl.-Agr. Biol. ulrike lebender geboren am 11.12.1981 in Go?ppingen 2014 /$fUlrike Lebender 205 $a1. Auflage. 210 1$aGo?ttingen :$cCuvillier Verlag Go?ttingen,$d2014. 215 $a1 online resource (145 pages) $cillustrations (some color) 311 $a3-95404-765-9 606 $aNitrogen fertilizers 606 $aSoils$xNitrogen content 615 0$aNitrogen fertilizers. 615 0$aSoils$xNitrogen content. 700 $aLebender$b Ulrike$01502628 801 0$bMiAaPQ 801 1$bMiAaPQ 801 2$bMiAaPQ 906 $aBOOK 912 $a9910794714103321 996 $aEffect of mineral N fertilizers - N form, amount and way of application - on nitrous oxide emissions from croplands$93730490 997 $aUNINA